书目信息 |
| 题名: |
巴枯宁评传
|
|
| 作者: | 李显荣 著 | |
| 分册: | ||
| 出版信息: | 北京 中国社会科学出版社 1982.02 |
|
| 页数: | 273页 | |
| 开本: | 20cm | |
| 丛书名: | ||
| 单 册: | ||
| 中图分类: | B512.51 | |
| 科图分类: | ||
| 主题词: | 巴枯宁,M.A(1814~1876)--哲学 , 巴枯宁,M.A(1814~1876) | |
| 电子资源: | ||
| ISBN: | ||
| 000 | 00611nam0 2200217 45 | |
| 001 | 0181023893 | |
| 005 | 20060727082139.29 | |
| 010 | @dCNY0.89 | |
| 091 | @a11190.075 | |
| 100 | @a20810111d km y0chiy0120 ea | |
| 101 | 0 | @achi |
| 105 | @ac z 000yb | |
| 200 | 1 | @a巴枯宁评传@ABA KU NING PING CHUAN@f李显荣著@FLi Xian Rong Zhu |
| 210 | @a北京@c中国社会科学出版社@d1982.02 | |
| 215 | @a273页@c冠图:肖像@d20cm | |
| 606 | 0 | @a巴枯宁,M.A(1814~1876)@x哲学 |
| 606 | 0 | @a巴枯宁,M.A(1814~1876) |
| 690 | @aB512.51@v3 | |
| 701 | 0 | @a李显荣@4著 |
| 801 | @aCN@bTSTC@c20060727 | |
| 905 | @dB512.51@e15@f1@b213298 | |
| 巴枯宁评传/李显荣著.-北京:中国社会科学出版社,1982.02 |
| 273页:冠图:肖像;20cm |
| ISBN :CNY0.89 |
| ● |
| 相关链接 |
|
|
|
|
正题名:巴枯宁评传
索取号:B512.51/15
 
预约/预借
| 序号 | 登录号 | 条形码 | 馆藏地/架位号 | 状态 | 备注 |
| 1 | 0002132 | 001836669 | 密集书库/ [索取号:B512.51/15] | 在馆 | |
| 2 | 0213298 | 000518265 | 第一样本阅览室/ [索取号:B512.51/15] | 在馆 | |
| 3 | 0439841 | 204398419 | 密集书库/ [索取号:B512.51/15] | 在馆 |